Catálogo
 En Linea

1er. Festival internacional de academias de danza / (Registro nro. 51180)

Detalles MARC
000 -CABECERA
campo de control de longitud fija 00976nam a2200265 a 4500
003 - IDENTIFICADOR DEL NÚMERO DE CONTROL
campo de control DO-SdBNP
005 - FECHA Y HORA DE LA ÚLTIMA TRANSACCIÓN
campo de control 20220420100558.0
007 - CAMPO FIJO DE DESCRIPCIÓN FÍSICA--INFORMACIÓN GENERAL
campo de control de longitud fija ta
008 - DATOS DE LONGITUD FIJA--INFORMACIÓN GENERAL
campo de control de longitud fija 220118e2006 dr ao||gr ||| 00| 0cspa d
040 ## - FUENTE DE LA CATALOGACIÓN
Centro catalogador/agencia de origen DO-SdBNP
Lengua de catalogación spa
Centro/agencia transcriptor BNPHU
082 #4 - NÚMERO DE LA CLASIFICACIÓN DECIMAL DEWEY
Número de edición 22
Número de documento/Ítem F418i
111 1# - ENTRADA PRINCIPAL--NOMBRE DE CONGRESO/REUNIÓN
Nombre de congreso/reunión o jurisdicción como elemento de entrada Festival Internacional de Academias de Danza
Número del congreso/reunión o número de parte o sección (1:
Fecha del congreso/reunión 2006:
Sede del congreso/Lugar de la reunión Santo Domingo)
9 (RLIN) 80956
245 10 - MENCIÓN DE TÍTULO
Título 1er. Festival internacional de academias de danza /
246 10 - FORMA VARIANTE DE TÍTULO
Título propio/Titulo breve Primer festival internacional de academias de danza
260 ## - PUBLICACIÓN, DISTRIBUCIÓN, ETC.
Lugar de publicación, distribución, etc. Santo Domingo :
Nombre del editor, distribuidor, etc. ENDANZA,
Fecha de publicación, distribución, etc. 20116
300 ## - DESCRIPCIÓN FÍSICA
Extensión 66 p. :
Otras características físicas il., fotogr.
Dimensiones 14 cm.
500 ## - NOTA GENERAL
Nota general Incluye datos biográficos de directores de escuelas
590 ## - NOTA LOCAL (RLIN)
Nota local Inventariado 2022 / MF
650 #4 - PUNTO DE ACCESO ADICIONAL DE MATERIA--TÉRMINO DE MATERIA
9 (RLIN) 70046
Término de materia o nombre geográfico como elemento de entrada Festivales
Subdivisión geográfica República Dominicana
650 #0 - PUNTO DE ACCESO ADICIONAL DE MATERIA--TÉRMINO DE MATERIA
9 (RLIN) 1276
Término de materia o nombre geográfico como elemento de entrada Academias de danza
Subdivisión general Festivales
Subdivisión geográfica República Dominicana
650 #0 - PUNTO DE ACCESO ADICIONAL DE MATERIA--TÉRMINO DE MATERIA
9 (RLIN) 21900
Término de materia o nombre geográfico como elemento de entrada Artes escénicas dominicana
Subdivisión general Festivales
710 2# - PUNTO DE ACCESO ADICIONAL--NOMBRE DE ENTIDAD CORPORATIVA
Nombre de entidad corporativa o nombre de jurisdicción como elemento de entrada Escuela Nacional de Danza (Endanza)
9 (RLIN) 80957
910 ## - DATOS DE OPCIÓN DEL USUARIO (OCLC)
Datos de opción del usuario MFéliz
942 ## - ELEMENTOS DE PUNTO DE ACCESO ADICIONAL (KOHA)
Fuente del sistema de clasificación o colocación Dewey Decimal Classification
Tipo de ítem Koha Libro
Existencias
Estado de retiro Estado de pérdida Fuente del sistema de clasificación o colocación Restricciones de uso No para préstamo Código de colección Localización permanente Ubicación/localización actual Ubicación en estantería Fecha de adquisición Total de préstamos Signatura topográfica completa Código de barras Fecha visto por última vez Precio válido a partir de Tipo de ítem Koha Número de copia
    Dewey Decimal Classification Excluido de préstamo   Dominicana de Servicio Biblioteca Nacional Pedro Henríquez Ureña Biblioteca Nacional Pedro Henríquez Ureña Depósito 20.04.2022   F418i 2022-1453 20.04.2022 20.04.2022 Libro e.2
    Dewey Decimal Classification Excluido de préstamo   Monografías: Libros y Folletos Biblioteca Nacional Pedro Henríquez Ureña Patrimonio Dominicano Depósito 18.01.2022   F418i 2022-0119 18.01.2022 18.01.2022 Libro  

Con tecnología Koha